| 000 | 00481nam a22001457a 4500 | ||
|---|---|---|---|
| 020 | _a0-590-43576-0 | ||
| 082 |
_a823 _bMAR/S |
||
| 100 | _aANN.M.MARTIN | ||
| 245 |
_aTHE BABY SITTERS CLUB _bSUPER SPECIAL # 6 |
||
| 260 |
_aNEW YORK _bSCHOLASTIC INC _c1991 |
||
| 300 | _a241 | ||
| 520 | _aTHE BABY SITTERS HAVE ALWAYS WANTED TO BE SOPHISTICATED NEW YORKERS. WELL NOW ITS THEIR CHANCE. IS NEW YORK AS GOOD AS THEY'VE ALWAYS DREAMED? | ||
| 650 | _aAMERICAS FAVOURITE GIRLS! | ||
| 942 | _cBK | ||
| 999 |
_c468 _d468 |
||